Gaming Quiz

Random Gaming or Video Games Quiz

Top Selling N64 Games Quiz Stats

 Plays Quiz Updated Jul 13, 2018

     
Support Sporcle.
Go Orange.
Score 0/20 Timer 08:00
4 Plays Today
Units (millions) Game % Correct
11.89Super Mario 64
90.2%
9.87Mario Kart 64
83.2%
8.09GoldenEye 007
73.9%
5.55Super Smash Bros
61.8%
7.60The Legend of Zelda: Ocarina of Time
55.7%
5.27Donkey Kong 64
55.4%
2.70Mario Party
47.4%
4.03Starfox 64
45.7%
3.36The Legend of Zelda: Majoras Mask
45%
3.65Banjo-Kazooie
39%
Units (millions) Game % Correct
2.52Perfect Dark
37.8%
5.88Pokémon Stadium
36.9%
2.50Mario Party 2
33.9%
4.88Diddy Kong Racing
32.3%
3.63Pokémon Snap
30.5%
2.54Pokémon Stadium 2
20.4%
2.95Wave Race 64
17.9%
2.85Yoshi's Story
12.5%
2.60Star Wars: Shadows of The Empire
7.2%
3.12Star Wars Episode 1: Racer
4.9%

From the Vault

Hebrew Calendar Months

by Sam

This one should be easy, just name the months of the year...right?
Remove Ads.
Support Sporcle.
Get the best of Sporcle when you Go Orange. This ad-free experience offers more features, more stats, and more fun while also helping to support Sporcle. Thank you for becoming a member.

Show Comments

Extras

Top Quizzes Today


Score Distribution

Your Account Isn't Verified!

In order to create a playlist on Sporcle, you need to verify the email address you used during registration. Go to your Sporcle Settings to finish the process.

Report this User

Report this user for behavior that violates our Community Guidelines.

Details: